000 00581nam a2200169Ia 4500
005 20250508151131.0
008 008 250505s9999 xx 000 0 eng d
037 _aTextual
040 _aFEDL
_beng
_cFEDL
041 _aeng
_2eng
084 _a375, AND
_qFEDL
245 0 _aGeneral education in school and college : A committee report by members of the faculties of Andover, Exeter, Lawrenceville, Harvard, Princeton and Yale
260 _aCambridge
_bHarvard University Press
_c1952
300 _av,142p
942 _cTEXL
_h375, AND
999 _c1327790
_d1327790